Druhotné suroviny ve vztahu ke společenské a podnikové efektivnosti.

Výhodnosť využívania druhotných surovín z hľadiska spoločenskej efektívnosti. Rozdiely v prejave efektu z využívania druhotných surovín na úrovni podniku a na úrovni národného hospodárstva. Význam skladovania tuhých komunálnych odpadov pre životné prostredie. Spoločenská a podniková efektívnosť ich...

Descrizione completa

Salvato in:
Dettagli Bibliografici
Autore principale: Pojsl, Zdeněk
Altri autori: Dvořák, Antonín
Natura: Capitolo di libro
Lingua:ceco
Soggetti:
Tags: Aggiungi Tag
Nessun Tag, puoi essere il primo ad aggiungerne!!

MARC

LEADER 00000naa a2200000 4500
001 r005151
005 20221125080608.6
041 0 |a cze 
044 |a [CS] 
245 1 0 |a Druhotné suroviny ve vztahu ke společenské a podnikové efektivnosti.  |c Zdeněk Pojsl, A. Dvořák 
520 |a Výhodnosť využívania druhotných surovín z hľadiska spoločenskej efektívnosti. Rozdiely v prejave efektu z využívania druhotných surovín na úrovni podniku a na úrovni národného hospodárstva. Význam skladovania tuhých komunálnych odpadov pre životné prostredie. Spoločenská a podniková efektívnosť ich triedenia. Spoločenská a podniková efektívnosť konvenčných spôsobov získavania druhotných surovín zo spotrebiteľských odpadov. 
610 2 0 |a suroviny druhotné 
610 2 0 |a odpad 
610 2 0 |a využitie odpadu 
610 2 0 |a efektívnosť spoločenská 
610 2 0 |a ekológia 
100 1 |a Pojsl, Zdeněk 
700 1 |a Dvořák, Antonín